De paseos y otros viajes en hoja /

Guardado en:
Autor Principal: Pugliese, Mercedes.
Otros Autores: Arispe, Nicolás; il.
Formato: Libro
Idioma:Undetermined
Publicado: Buenos Aires : Del Eclipse, 2014.
Series:Libros - álbum del eclipese
Materias:
Etiquetas: Agregar Etiqueta
Sin Etiquetas, Sea el primero en etiquetar este registro!
LEADER 00643nam a22001935a 4500
001 CEM.cems019491
008 220905s2014####ag############000#0#und#d
005 20220905101307.0
245 1 0 |a De paseos y otros viajes en hoja /  |c Mercedes Pugliese; ilustrado por Nicolás Arispe. 
260 |a Buenos Aires :  |b Del Eclipse,  |c 2014. 
300 |a 32 p. 
490 1 |a Libros - álbum del eclipese 
100 1 |a Pugliese, Mercedes. 
700 1 |a Arispe, Nicolás; il. 
653 |a Literatura 
653 |a Literatura Argentina 
653 |a Literatura Infantil 
653 |a Libros Álbum 
859 |a CEMS  |b BIB. CEMS - Inicial y Primaria  |h A868.4  |i P964  |k IP  |p 5367  |t Ej.1